Konferencia "Informatika a umelá inteligencia"
Guardado en:
| Formato: | Libro |
|---|---|
| Lenguaje: | eslovaco |
| Publicado: |
Bratislava :
ČSVTS,
1985
|
| Etiquetas: |
Sin Etiquetas, Sea el primero en etiquetar este registro!
|
MARC
| LEADER | 00000nam a22000003a 4500 | ||
|---|---|---|---|
| 001 | stu82 | ||
| 005 | 20200911103437.1 | ||
| 008 | 910221s1985----cs------------------slo-d | ||
| 040 | |a STU |b slo | ||
| 041 | 0 | |a slo | |
| 044 | |a cs | ||
| 080 | |a 681.32.06 | ||
| 080 | |a 519.71 |7 stu_us_auth*stu8254 | ||
| 080 | |a 681.5 | ||
| 080 | |a 061.3(08) | ||
| 245 | |a Konferencia "Informatika a umelá inteligencia" | ||
| 260 | |a Bratislava : |b ČSVTS, |c 1985 | ||
| 300 | |a 131 s | ||
| 996 | |c I*Z9908 |l I |s A |a 24 |w stu82_0001 | ||